000 00802nam a22002297a 4500
005 20240530110359.0
008 150117s2009 ua f 000 0 ara d
017 _a2009/1568
_bمصر . دار الكتب المصرية
020 _a977500740x
040 _aEG-CaGPL
041 0 _aara
082 0 4 _221
_a616.3447\
_bس م
100 0 _aسمير امام ابوشرف
245 1 0 _a250 وصفة لعلاج متاعب القولون و الجهاز الهضمى /
_cسمير امام ابوشرف
260 _aالقاهرة :
_bكنوز للنشر و التوزيع ،
_c2009
300 _a116 ص ؛
_c24 سم
650 0 4 _aالقولون
_xامراض
650 0 4 _aالاسهال
650 0 4 _aالجهاز الهضمى
942 _2ddc
_cBK
999 _c60220
_d60220